| 000 | 01440nam a2200373 i 4500 | ||
|---|---|---|---|
| 001 | 193363 | ||
| 003 | ES-MaACL | ||
| 005 | 20251003185112.0 | ||
| 007 | ta | ||
| 008 | 231106s2013 sp | |||| 000 0 spa d | ||
| 017 | _aH 192-2013 | ||
| 020 | _a9788493849740 | ||
| 035 | _aRebiun02100860 | ||
| 040 |
_aSpMaBN. _bspa. _cSpMaBN. _erdc. _dBUS |
||
| 080 | _a929 (100) "19" | ||
| 100 | 1 |
_aVaz de Cunha, Rui _9155035 |
|
| 245 | 1 | 4 |
_aUna mirada al siglo XX : _blos memorables de Vázquez Díaz / _cRui Vaz de Cunha |
| 260 |
_aJabugo, Huelva : _bRomero Libros, _c2013 |
||
| 300 |
_a218 p ; _c21 cm |
||
| 336 |
_2rdacontent _aTexto |
||
| 337 |
_2rdamedia _asin mediación |
||
| 338 |
_2rdacarrier _avolumen |
||
| 490 | 1 |
_aTrazos y vidas ; _v1 |
|
| 600 | 0 |
_aVázquez Díaz, Daniel, _d1882-1969 _9234516 |
|
| 650 | 0 | 7 |
_aCelebridades- _9143758 _xBiografías |
| 655 | 0 |
_aBiografías _9176647 |
|
| 830 |
_9225002 _aTrazos y vidas ; _v1 |
||
| 852 |
_aEs-MaACL _bR.150113 _9190505 _jA-13173 _dOlim: N-6173 _cDEPO1 _gDedicatoria autógrafa de los autores _hDonación: Rui Vaz de Cunha |
||
| 852 |
_aES-MaACL _9190505 _bR.150113 _jA-13173 _dOlim: N-6173 _gDedicatoria autógrafa de los autores _hDonacion: de los autores Ignacio Vazquez Molini y Jaime Alex Ruiz Baudrihaye _cDEPO1 |
||
| 903 |
_9155035 _aVaz de Cunha, Rui _ednr |
||
| 942 |
_n0 _cMONOGRAFIA |
||
| 999 |
_c193363 _d193363 |
||